000
00193nam a2200109Ia 4500
100
_a
GOUILD/JAY.
942
_c
BK
245
_a
FULL HOUSE
260
_b
#N/A
546
_a
ENGLISH
999
_c
35216
_d
35216